| 000 | 00794nam a22001937a 4500 | ||
|---|---|---|---|
| 999 |
_c12660 _d12660 |
||
| 003 | AR-CdUCM | ||
| 008 | 190409b ||||| |||| 00| 0 spa d | ||
| 040 |
_aMUNICIPALIDAD PROVINCIAL DEL CUSCO _cBIBLIOTECA MUNICIPAL DEL CUSCO |
||
| 082 |
_22ed. _a347.9 / _bV59 |
||
| 100 |
_aVicente y Gella, Agustín _930619 |
||
| 245 | _aIntroducción al derecho mercantil comparado / | ||
| 260 |
_aMéxico, D. F. : _bNacional, _c1970. |
||
| 300 |
_a464 páginas ; _c17 cm. |
||
| 505 | _aContenido: Concepto e historia del derecho mercantil -- sujeto de la relación mercantil -- Comerciante individual -- Sociedades mercantiles -- Auxiliares del comercio ... | ||
| 650 |
_aDerecho comercial comparado _930620 |
||
| 650 |
_aSociedades mercantiles _929395 |
||
| 942 |
_2ddc _cLIBROS |
||
| 945 |
_aacv _d2019-04-09 |
||